[Event "NCL967 Midland Mons-Wessex"]
[Site "Rd3"]
[Date "1996.11.23"]
[Round "3.3"]
[White "Buckley, Graeme"]
[Black "Corkett, Anthony"]
[Result "1/2-1/2"]
[WhiteElo "2370"]
[BlackElo "2285"]
[PlyCount "83"]
[EventDate "1996.11.23"]
[Source "J.Saunders"]
[SourceDate "1998.06.06"]

1. c4 e5 2. Nc3 Nf6 3. Nf3 Nc6 4. e4 Bb4 5. Nd5 O-O 6. Nxb4 Nxb4 7. d3 d6 8.
Bg5 Bg4 9. Qd2 c5 10. Be2 Bxf3 11. gxf3 Kh8 12. Rg1 Rg8 13. f4 h6 14. h4 Qe7
15. f5 Nc6 16. O-O-O Nd4 17. Rg3 Kh7 18. Kb1 a6 19. Rc1 b6 20. Bd1 Rh8 21. Be3
Rab8 22. f4 Nd7 23. fxe5 dxe5 24. Qg2 Rhg8 25. Bh5 Nf6 26. Be2 Nc6 27. Rg1 Qf8
28. Bd1 Nd4 29. Bg5 Kh8 30. Qd2 Qd6 31. Qh2 Nh7 32. Be3 b5 33. cxb5 axb5 34.
Qg2 Qf6 35. Bg5 Qd6 36. Be3 Qf6 37. Bb3 Nxb3 38. axb3 Rbc8 39. Qf2 Qd6 40. Qc2
Nf6 41. R3g2 Nh5 42. Rc1 1/2-1/2

[Event "NCL967 Midland Mons-Wessex"]
[Site "Rd3"]
[Date "1996.11.23"]
[Round "3.4"]
[White "Yeo, Michael"]
[Black "Ferguson, Mark"]
[Result "1/2-1/2"]
[WhiteElo "2205"]
[BlackElo "2385"]
[PlyCount "54"]
[EventDate "1996.11.23"]
[Source "J.Saunders"]
[SourceDate "1998.06.06"]

1. e4 e5 2. Nf3 d6 3. d4 exd4 4. Qxd4 Nf6 5. Nc3 Be7 6. Bg5 O-O 7. O-O-O Nc6 8.
Qd2 Bg4 9. h3 Bxf3 10. gxf3 Re8 11. h4 Kh8 12. Bc4 Ne5 13. Bb3 Kg8 14. f4 Ned7
15. Qe2 Nc5 16. e5 Nxb3+ 17. axb3 Nd7 18. Nd5 f6 19. Qc4 Kh8 20. exf6 Nxf6 21.
Qxc7 Nxd5 22. Qxd8 Raxd8 23. Rxd5 h6 24. Bxe7 Rxe7 25. Rhd1 Rf8 26. f5 Re2 27.
R1d2 Re1+ 1/2-1/2

[Event "NCL967 Midland Mons-Wessex"]
[Site "Rd3"]
[Date "1996.11.23"]
[Round "3.5"]
[White "Collinson, Adam"]
[Black "Upton, Ian"]
[Result "1/2-1/2"]
[WhiteElo "2380"]
[BlackElo "2235"]
[PlyCount "92"]
[EventDate "1996.11.23"]
[Source "J.Saunders"]
[SourceDate "1998.06.06"]

1. e4 e6 2. d4 d5 3. Nd2 c5 4. exd5 Qxd5 5. Ngf3 cxd4 6. Bc4 Qd6 7. O-O Nf6 8.
Nb3 Nc6 9. Nbxd4 Nxd4 10. Nxd4 Bd7 11. c3 Be7 12. Qe2 O-O 13. Bg5 Rac8 14. Rad1
Qc5 15. Nf3 Qxc4 16. Qxc4 Rxc4 17. Bxf6 Bxf6 18. Rxd7 Rb8 19. Rfd1 Re4 20. a3
g5 21. Kf1 Kf8 22. Nd4 Bxd4 23. R1xd4 Rxd4 24. cxd4 a6 25. Ke2 Ke8 26. Rc7 Rd8
27. Rxb7 Rxd4 28. b4 Rd6 29. a4 Kf8 30. Ke3 Kg7 31. b5 axb5 32. Rxb5 Kf6 33.
Rb3 Ra6 34. Ra3 Ke5 35. a5 h5 36. f3 h4 37. g3 hxg3 38. hxg3 f5 39. g4 Kd5 40.
Ra1 Kc5 41. Kd3 Kd5 42. Ra3 Ke5 43. Ra4 Kd5 44. Kc3 Kc5 45. Ra1 Kd5 46. Kd3 Kc5
1/2-1/2

[Event "NCL967 Midland Mons-Wessex"]
[Site "Rd3"]
[Date "1996.11.23"]
[Round "3.6"]
[White "Brameld, Arthur"]
[Black "Cooper, Lawrence"]
[Result "0-1"]
[WhiteElo "2199"]
[BlackElo "2335"]
[PlyCount "114"]
[EventDate "1996.11.23"]
[Source "J.Saunders"]
[SourceDate "1998.06.06"]

1. e4 e5 2. f4 d5 3. exd5 exf4 4. Nf3 Nf6 5. Bc4 Nxd5 6. O-O Be6 7. Bb3 Be7 8.
c4 Nb6 9. d4 Nxc4 10. Bxf4 O-O 11. Qe2 b5 12. a4 c6 13. axb5 cxb5 14. Nc3 Qb6
15. Kh1 Bf6 16. Ne4 Nd7 17. Bg5 Bg4 18. h3 Bxf3 19. Qxf3 Bxd4 20. Be7 Nde5 21.
Qg3 Qg6 22. Qxg6 hxg6 23. Bxf8 Kxf8 24. Bxc4 bxc4 25. Nc3 Nd3 26. Rab1 Rb8 27.
Ne2 Bxb2 28. Nf4 Nxf4 29. Rxf4 c3 30. Rc4 Re8 31. Rd1 a5 32. Rc7 Kg8 33. Kh2
Re2 34. Rd8+ Kh7 35. Rdc8 f5 36. Rb7 c2 37. Rxb2 c1=Q 38. Rxc1 Rxb2 39. Ra1 Rb5
40. Kg3 g5 41. Ra3 Kg6 42. Rc3 a4 43. Rc6+ Kh5 44. Ra6 Rb3+ 45. Kh2 a3 46. Ra5
g6 47. Ra8 g4 48. Rh8+ Kg5 49. h4+ Kf4 50. Ra8 Ke4 51. Ra6 f4 52. Rxg6 Kd3 53.
Rf6 a2 54. Ra6 Rb2 55. h5 f3 56. h6 Rxg2+ 57. Kh1 g3 0-1

[Event "NCL967 Midland Mons-Wessex"]
[Site "Rd3"]
[Date "1996.11.23"]
[Round "3.7"]
[White "Mason, Don"]
[Black "Noyce, Robert"]
[Result "1/2-1/2"]
[WhiteElo "2275"]
[BlackElo "2205"]
[PlyCount "85"]
[EventDate "1996.11.23"]
[Source "J.Saunders"]
[SourceDate "1998.06.06"]

1. e4 d5 2. d4 dxe4 3. Nc3 Nf6 4. f3 Bf5 5. fxe4 Nxe4 6. Qf3 Nd6 7. Bf4 e6 8.
Bxd6 Bxd6 9. Qxb7 Nd7 10. Bb5 O-O 11. Nf3 a6 12. Bd3 Bxd3 13. cxd3 Rb8 14. Qxa6
Rxb2 15. O-O Qa8 16. Qxa8 Rxa8 17. Ng5 Nf6 18. Nge4 Nxe4 19. dxe4 e5 20. d5
Bc5+ 21. Kh1 Bd4 22. Rac1 f6 23. a4 Be3 24. Ra1 Rc2 25. Nb5 Ra5 26. h3 Rc4 27.
d6 cxd6 28. Nxd6 Rcxa4 29. Rab1 Ra8 30. Rb7 Ra1 31. Rxa1 Rxa1+ 32. Kh2 g6 33.
Ne8 Ra6 34. Nc7 Rc6 35. Nd5 Bc5 36. Kg3 f5 37. Kf3 Bf8 38. exf5 gxf5 39. g4 Rd6
40. Ne7+ Bxe7 41. Rxe7 Rd3+ 42. Kg2 fxg4 43. hxg4 1/2-1/2

[Event "NCL967 Midland Mons-Wessex"]
[Site "Rd3"]
[Date "1996.11.23"]
[Round "3.8"]
[White "Howard, Emily"]
[Black "Regan, Natasha"]
[Result "0-1"]
[WhiteElo "1904"]
[BlackElo "2155"]
[PlyCount "62"]
[EventDate "1996.11.23"]
[Source "J.Saunders"]
[SourceDate "1998.06.06"]

1. e4 Nf6 2. e5 Nd5 3. d4 d6 4. c4 Nb6 5. f4 dxe5 6. fxe5 Nc6 7. Be3 Bf5 8. Be2
e6 9. Nf3 Nb4 10. Na3 c5 11. O-O Be7 12. Qb3 Nc6 13. dxc5 Na5 14. Qb5+ Nd7 15.
b4 Nc6 16. Qxb7 Be4 17. Nb5 Rb8 18. Qc7 Nxb4 19. Rad1 Qxc7 20. Nxc7+ Kd8 21.
Nb5 a6 22. Nd6 Bg6 23. Ng5 Bxd6 24. Rxd6 Ke7 25. Nf3 Rhc8 26. Rfd1 Rb7 27. a3
Nc6 28. Bg5+ Ke8 29. Be3 Rcc7 30. Kf1 Rb3 31. R6d3 Bxd3 0-1

[Event "NCL967 Slough-Guildford"]
[Site "Rd3"]
[Date "1996.11.23"]
[Round "3.1"]
[White "Kosten, Anthony"]
[Black "Kinsman, Andrew"]
[Result "1-0"]
[WhiteElo "2525"]
[BlackElo "2400"]
[PlyCount "59"]
[EventDate "1996.11.23"]
[Source "J.Saunders"]
[SourceDate "1998.06.06"]

1. Nf3 Nf6 2. c4 c6 3. e3 d5 4. b3 Bg4 5. h3 Bxf3 6. Qxf3 g6 7. d4 Bg7 8. Bd3
Nbd7 9. Bb2 Qa5+ 10. Bc3 Qc7 11. O-O O-O 12. Nd2 e5 13. Qg3 Nh5 14. Qh2 f5 15.
Rac1 f4 16. cxd5 cxd5 17. Bb4 Qb6 18. Bxf8 Rxf8 19. g4 fxe3 20. fxe3 exd4 21.
Rxf8+ Bxf8 22. Qg2 Nhf6 23. e4 Nc5 24. Qf3 Bh6 25. Rxc5 Qxc5 26. Qxf6 Bxd2 27.
exd5 Bb4 28. d6 Qc1+ 29. Bf1 d3 30. d7 1-0

[Event "NCL967 Slough-Guildford"]
[Site "Rd3"]
[Date "1996.11.23"]
[Round "3.2"]
[White "Povah, Nigel"]
[Black "Summerscale, Aaron"]
[Result "0-1"]
[WhiteElo "2375"]
[BlackElo "2500"]
[PlyCount "76"]
[EventDate "1996.11.23"]
[Source "J.Saunders"]
[SourceDate "1998.06.06"]

1. d4 d6 2. c4 e5 3. Nf3 e4 4. Ng5 f5 5. Nc3 c6 6. Nh3 Be7 7. e3 Nf6 8. Nf4 O-O
9. h4 Na6 10. a3 Nc7 11. b4 Ne6 12. Nh3 d5 13. g3 h6 14. Qb3 g5 15. hxg5 hxg5
16. Bd2 Kg7 17. cxd5 cxd5 18. O-O-O Rh8 19. Be2 Qd6 20. Kb2 Bd7 21. Rdg1 Rh7
22. Bf1 Rah8 23. Bg2 Kg6 24. Rc1 Nc7 25. Bf1 Nce8 26. Bg2 Be6 27. Qd1 Qd7 28.
f4 exf3 29. Qxf3 Nd6 30. Nf2 Nc4+ 31. Kc2 Nxa3+ 32. Kb3 Nc4 33. Qe2 Qd6 34. Nd3
Ne4 35. Nb1 Nxg3 36. Qf3 Nxh1 37. Bxh1 Rh3 38. Qf2 Rh2 0-1

[Event "NCL967 Slough-Guildford"]
[Site "Rd3"]
[Date "1996.11.23"]
[Round "3.3"]
[White "Lalic, Susan"]
[Black "Kennaugh, Charles"]
[Result "1-0"]
[WhiteElo "2365"]
[BlackElo "2290"]
[PlyCount "79"]
[EventDate "1996.11.23"]
[Source "J.Saunders"]
[SourceDate "1998.06.06"]

1. e4 e5 2. Nf3 Nc6 3. Nc3 Nf6 4. d4 exd4 5. Nxd4 Bc5 6. Nxc6 bxc6 7. Bd3 d6 8.
Na4 Bb6 9. Nxb6 axb6 10. O-O O-O 11. Bg5 h6 12. Bh4 Qe7 13. f4 Qe6 14. Qf3 Ba6
15. c4 Rfe8 16. Rae1 Bxc4 17. f5 Qe5 18. Bxc4 Qd4+ 19. Qe3 Qxc4 20. Bxf6 gxf6
21. Qxh6 Qd4+ 22. Kh1 Rxe4 23. Rxe4 Qxe4 24. Qxf6 Rxa2 25. Qg5+ Kh7 26. h3 Ra4
27. Qf6 Kg8 28. Qd8+ Kh7 29. Qf8 Qc4 30. Rf3 Qd4 31. Qxf7+ Qg7 32. Qh5+ Qh6 33.
Qe8 Qc1+ 34. Kh2 Ra1 35. Qg6+ Kh8 36. Qh5+ Kg8 37. Rg3+ Kf8 38. Qh8+ Ke7 39.
Qg7+ Ke8 40. Qg8+ 1-0

[Event "NCL967 Slough-Guildford"]
[Site "Rd3"]
[Date "1996.11.23"]
[Round "3.5"]
[White "Smith, Andrew P"]
[Black "Abayasekera, Roger"]
[Result "1-0"]
[WhiteElo "2265"]
[BlackElo "2255"]
[PlyCount "41"]
[EventDate "1996.11.23"]
[Source "J.Saunders"]
[SourceDate "1998.06.06"]

1. e4 c5 2. Nf3 Nc6 3. d4 cxd4 4. Nxd4 Nf6 5. Nc3 d6 6. Bg5 e6 7. Be2 Be7 8.
O-O a6 9. Qd3 Bd7 10. Rad1 Nxd4 11. Qxd4 Bc6 12. e5 Qa5 13. Bxf6 gxf6 14. exd6
O-O-O 15. Qa7 Bf8 16. Bb5 Bxb5 17. Qa8+ Kd7 18. Qxb7+ Ke8 19. Ne4 Bxd6 20. Rxd6
Kf8 21. c4 1-0

[Event "NCL967 Slough-Guildford"]
[Site "Rd3"]
[Date "1996.11.23"]
[Round "3.6"]
[White "Forster, Michael"]
[Black "Webb, Richard"]
[Result "0-1"]
[WhiteElo "2305"]
[BlackElo "2290"]
[PlyCount "80"]
[EventDate "1996.11.23"]
[Source "J.Saunders"]
[SourceDate "1998.06.06"]

1. e4 c5 2. Nf3 d6 3. d4 cxd4 4. Nxd4 Nf6 5. Nc3 g6 6. Be3 Bg7 7. f3 O-O 8. Qd2
Nc6 9. Bc4 Bd7 10. O-O-O Rc8 11. Bb3 Ne5 12. g4 Nc4 13. Bxc4 Rxc4 14. h4 b5 15.
Kb1 b4 16. Nd5 e6 17. Nxb4 Qb8 18. c3 a5 19. Nd3 Rfc8 20. Rc1 e5 21. Ne2 Be6
22. Rc2 d5 23. exd5 Nxd5 24. Bh6 e4 25. fxe4 Nxc3+ 26. Nxc3 Bxc3 27. Rxc3 Rxc3
28. Nc1 f6 29. Qd4 R3c6 30. Rd1 Bxg4 31. Rg1 Qh2 32. Bd2 Be6 33. Bc3 Rxc3 34.
bxc3 Rb8+ 35. Nb3 Bxb3 36. axb3 Rxb3+ 37. Kc1 Qb2+ 38. Kd1 Qb1+ 39. Ke2 Qc2+
40. Qd2 Rxc3 0-1

[Event "NCL967 Slough-Guildford"]
[Site "Rd3"]
[Date "1996.11.23"]
[Round "3.8"]
[White "Fink Nunn, Petra"]
[Black "Houska, Jovanka"]
[Result "0-1"]
[WhiteElo "2080"]
[BlackElo "2115"]
[PlyCount "72"]
[EventDate "1996.11.23"]
[Source "J.Saunders"]
[SourceDate "1998.06.06"]

1. e4 d5 2. exd5 Nf6 3. Nf3 Nxd5 4. d4 g6 5. Be2 Bg7 6. O-O O-O 7. Re1 Bg4 8.
c4 Nb6 9. Nc3 Nc6 10. c5 Nd5 11. h3 Bxf3 12. Bxf3 e6 13. Nxd5 exd5 14. Be3 Qd7
15. Qd2 Rad8 16. b4 a6 17. a4 Ra8 18. Rab1 Nd8 19. Bh6 Bxh6 20. Qxh6 Ne6 21.
Qh4 Kg7 22. Re5 c6 23. Rbe1 Rae8 24. b5 axb5 25. axb5 f6 26. bxc6 bxc6 27. R5e2
Nc7 28. Bg4 Qf7 29. Qg3 Rxe2 30. Rxe2 Nb5 31. Qe3 f5 32. Bf3 Qf6 33. Rd2 Ra8
34. Qd3 Ra3 35. Qb1 Rxf3 36. gxf3 Qg5+ 0-1

[Event "NCL967 SW Dragons-Bristol"]
[Site "Rd3"]
[Date "1996.11.23"]
[Round "3.1"]
[White "Cummings, David"]
[Black "Baker, Chris W"]
[Result "1-0"]
[WhiteElo "2360"]
[BlackElo "2370"]
[PlyCount "61"]
[EventDate "1996.11.23"]
[Source "J.Saunders"]
[SourceDate "1998.06.06"]

1. Nf3 c5 2. c4 Nf6 3. Nc3 e6 4. g3 b6 5. Bg2 Bb7 6. O-O Be7 7. Re1 O-O 8. e4
d6 9. d4 cxd4 10. Nxd4 Qc8 11. Be3 Nbd7 12. f4 Rd8 13. Qe2 Bf8 14. Rad1 a6 15.
f5 e5 16. Nc2 Qc7 17. g4 Rac8 18. g5 Ne8 19. Na3 d5 20. Nxd5 Bxd5 21. cxd5 Bxa3
22. bxa3 Nc5 23. Rc1 Nd6 24. Qh5 Qd7 25. f6 Ncxe4 26. fxg7 Rxc1 27. Bxc1 Qf5
28. Qh4 Rc8 29. Bh3 Rxc1 30. Bxf5 Nxg5 31. Bxh7+ 1-0

[Event "NCL967 SW Dragons-Bristol"]
[Site "Rd3"]
[Date "1996.11.23"]
[Round "3.2"]
[White "Burgess, Graham"]
[Black "Cooper, John"]
[Result "1/2-1/2"]
[WhiteElo "2290"]
[BlackElo "2370"]
[PlyCount "50"]
[EventDate "1996.11.23"]
[Source "J.Saunders"]
[SourceDate "1998.06.06"]

1. d4 Nf6 2. Nf3 e6 3. Bg5 c5 4. e3 h6 5. Bh4 b6 6. Nbd2 Bb7 7. Bd3 Be7 8. O-O
O-O 9. c3 d6 10. a3 Nbd7 11. b4 e5 12. dxe5 dxe5 13. e4 Nh5 14. Bg3 Nxg3 15.
hxg3 cxb4 16. cxb4 a5 17. Qb3 axb4 18. axb4 Qc7 19. Nc4 Bc6 20. Ne3 b5 21. Rac1
Qb7 22. Nd5 Rfe8 23. Bb1 Bf8 24. Ba2 Re6 25. Qb2 Rd6 1/2-1/2

[Event "NCL967 SW Dragons-Bristol"]
[Site "Rd3"]
[Date "1996.11.23"]
[Round "3.3"]
[White "Zeidler, Sven"]
[Black "Beaumont, Chris"]
[Result "1-0"]
[WhiteElo "2265"]
[BlackElo "2330"]
[PlyCount "45"]
[EventDate "1996.11.23"]
[Source "J.Saunders"]
[SourceDate "1998.06.06"]

1. e4 c5 2. Nc3 g6 3. f4 Bg7 4. Nf3 Nc6 5. Bb5 Nd4 6. O-O e6 7. e5 Ne7 8. Nxd4
cxd4 9. Ne4 O-O 10. b3 d5 11. Ng5 f6 12. Nf3 Qa5 13. a4 Nc6 14. Ba3 Rf7 15. Qe2
fxe5 16. Bxc6 d3 17. cxd3 e4 18. Ne5 bxc6 19. Nxf7 Kxf7 20. Rac1 exd3 21. Qe3
Rb8 22. Rxc6 Rxb3 23. Rxc8 1-0

[Event "NCL967 SW Dragons-Bristol"]
[Site "Rd3"]
[Date "1996.11.23"]
[Round "3.4"]
[White "Mah, Karl"]
[Black "Saunders, John"]
[Result "1/2-1/2"]
[WhiteElo "2245"]
[BlackElo "2240"]
[PlyCount "58"]
[EventDate "1996.11.23"]
[Source "J.Saunders"]
[SourceDate "1998.06.06"]

1. d4 g6 2. c4 Bg7 3. Nc3 d6 4. e4 Nf6 5. f4 O-O 6. Nf3 c5 7. d5 e6 8. Be2 exd5
9. cxd5 Re8 10. e5 dxe5 11. fxe5 Ng4 12. Bg5 Qa5 13. O-O Nd7 14. d6 c4 15. Nd5
Ndxe5 16. Ne7+ Kh8 17. Nxc8 Rexc8 18. d7 Rd8 19. Nxe5 Nxe5 20. Bxd8 Rxd8 21.
Qc2 Rxd7 22. Rad1 Rxd1 23. Rxd1 h5 24. a4 Qb4 25. Rc1 Bh6 26. Rd1 Bg7 27. Kh1
a6 28. Ra1 b6 29. Qc3 Qc5 1/2-1/2

[Event "NCL967 SW Dragons-Bristol"]
[Site "Rd3"]
[Date "1996.11.23"]
[Round "3.5"]
[White "Morris, Charles"]
[Black "Cole, Roland"]
[Result "1-0"]
[WhiteElo "2215"]
[BlackElo "2215"]
[PlyCount "113"]
[EventDate "1996.11.23"]
[Source "J.Saunders"]
[SourceDate "1998.06.06"]

1. c4 g6 2. Nf3 Bg7 3. d4 Nf6 4. g3 d6 5. Bg2 O-O 6. O-O Nbd7 7. Nc3 a6 8. Qc2
c5 9. Rd1 Rb8 10. Rb1 Qc7 11. b3 cxd4 12. Nxd4 Nc5 13. Bg5 Qd8 14. b4 Ncd7 15.
c5 dxc5 16. bxc5 e5 17. Nc6 bxc6 18. Rxb8 Qa5 19. Rb2 Nxc5 20. Bxc6 Ne6 21.
Bxf6 Bxf6 22. Nd5 Bg7 23. Qa4 Qc5 24. Qb4 Qxb4 25. Rxb4 Nd4 26. Ne7+ Kh8 27. e3
Bg4 28. Rdb1 Ne2+ 29. Kg2 Nc3 30. R1b3 e4 31. Rb8 Bf3+ 32. Kf1 Nxa2 33. Bd5 Nc3
34. Rxf8+ Bxf8 35. Rxc3 Bxe7 36. Bxf7 Kg7 37. Bd5 Kf6 38. Rc6+ Ke5 39. Bc4 Bd6
40. Rxa6 Bg4 41. Rb6 h5 42. Ke1 Bf5 43. Kd2 Bd7 44. Bf7 Bf5 45. Kc3 Bc7 46. Rc6
Bd6 47. Rxd6 Kxd6 48. Kd4 Ke7 49. Bd5 Kf6 50. Bxe4 Bd7 51. h4 Be8 52. f4 Bd7
53. Bd3 Be8 54. Kd5 Ke7 55. Ke5 Bf7 56. f5 gxf5 57. Kxf5 1-0

[Event "NCL967 SW Dragons-Bristol"]
[Site "Rd3"]
[Date "1996.11.23"]
[Round "3.6"]
[White "Collier, David"]
[Black "Spice, Alan"]
[Result "0-1"]
[WhiteElo "2225"]
[BlackElo "2210"]
[PlyCount "110"]
[EventDate "1996.11.23"]
[Source "J.Saunders"]
[SourceDate "1998.06.06"]

1. d4 e6 2. c4 f5 3. Nc3 Nf6 4. Bg5 Bb4 5. Qc2 b6 6. O-O-O Bxc3 7. Qxc3 Ne4 8.
Bxd8 Nxc3 9. bxc3 Kxd8 10. Nf3 Ke7 11. Rg1 d6 12. g4 fxg4 13. Rxg4 g6 14. Bg2
Nd7 15. Nd2 Nf6 16. Rg5 Rb8 17. h4 Bd7 18. Bf3 c5 19. dxc5 bxc5 20. h5 Be8 21.
Ne4 Nxe4 22. Bxe4 h6 23. Rg2 g5 24. f4 Bxh5 25. Rh1 Bf7 26. fxg5 hxg5 27. Rxh8
Rxh8 28. Rxg5 Rh4 29. Bc6 Rxc4 30. Kd2 Rh4 31. Rg1 d5 32. Rb1 Kd6 33. Bb5 Bg6
34. Rg1 Bf5 35. Rg7 Rh7 36. Rg8 Rb7 37. a4 c4 38. Ra8 Ke5 39. Ke3 Rh7 40. a5
Rh2 41. Ba4 Rh1 42. Rxa7 Ra1 43. Bb5 Rc1 44. a6 Rxc3+ 45. Kf2 Ra3 46. Rc7 c3
47. a7 c2 48. Bd3 Rxa7 49. Rxc2 Bxd3 50. exd3 Kd4 51. Rc6 e5 52. Re6 Ra2+ 53.
Ke1 Rh2 54. Re8 Rh3 55. Ke2 Re3+ 0-1

[Event "NCL967 SW Dragons-Bristol"]
[Site "Rd3"]
[Date "1996.11.23"]
[Round "3.7"]
[White "Dyce, Andrew"]
[Black "Phillips, Roy"]
[Result "1/2-1/2"]
[WhiteElo "2135"]
[BlackElo "2120"]
[PlyCount "28"]
[EventDate "1996.11.23"]
[Source "J.Saunders"]
[SourceDate "1998.06.06"]

1. e4 c5 2. Nf3 d6 3. Bb5+ Bd7 4. Bxd7+ Nxd7 5. O-O Ngf6 6. Qe2 e6 7. c3 Be7 8.
d4 O-O 9. e5 Ne8 10. exd6 Nxd6 11. dxc5 Nxc5 12. Rd1 Qc8 13. Bf4 Rd8 14. Nbd2
Ne8 1/2-1/2

[Event "NCL967 SW Dragons-Bristol"]
[Site "Rd3"]
[Date "1996.11.23"]
[Round "3.8"]
[White "Buckley, Melanie"]
[Black "Dyce, Abigail"]
[Result "1-0"]
[WhiteElo "2040"]
[BlackElo "1800"]
[PlyCount "143"]
[EventDate "1996.11.23"]
[Source "J.Saunders"]
[SourceDate "1998.06.06"]

1. e4 e6 2. d4 d5 3. exd5 exd5 4. Bd3 Bd6 5. c3 Ne7 6. Ne2 c6 7. O-O O-O 8. Bf4
Bf5 9. Qc2 Bxd3 10. Qxd3 Ng6 11. Bxd6 Qxd6 12. Qg3 Qxg3 13. hxg3 Nd7 14. Nd2
Rfe8 15. Rfe1 Re7 16. Kf1 Rae8 17. Rad1 Nb6 18. b3 Kf8 19. Nc1 Rxe1+ 20. Rxe1
Rxe1+ 21. Kxe1 f6 22. Nd3 Nd7 23. Nf1 Kf7 24. Ne3 Ne7 25. Ke2 g5 26. g4 Ke6 27.
f3 b6 28. b4 Nb8 29. Nc1 Nd7 30. a4 a6 31. Nd3 b5 32. a5 h6 33. Kf2 Kf7 34. g3
Ke6 35. Kg2 Kf7 36. Nf5 Nxf5 37. gxf5 h5 38. Kh3 Ke7 39. f4 Kd6 40. g4 h4 41.
Ne1 Nf8 42. fxg5 fxg5 43. Nf3 Nh7 44. Ne5 Kc7 45. Nd3 Nf6 46. Nc5 Ne4 47. Nxa6+
Kc8 48. Nc5 Nf2+ 49. Kg2 Nxg4 50. Ne6 Ne3+ 51. Kh3 Nxf5 52. Nxg5 Ne3 53. Nf3
Nd1 54. Ne1 Nxc3 55. Kxh4 Na2 56. Nc2 Kb7 57. Kg4 Kc7 58. Kf5 Kb7 59. Ke6 Kc7
60. a6 Kb6 61. Kd6 Kxa6 62. Kxc6 Nc3 63. Ne3 Ne2 64. Kxd5 Nf4+ 65. Kc6 Nd3 66.
Nc2 Nf4 67. d5 Ng6 68. d6 Nf8 69. d7 Ne6 70. Kd6 Nd8 71. Nd4 Kb6 72. Ke7 1-0

[Event "NCL967 Wood Green-Richmond"]
[Site "Rd3"]
[Date "1996.11.23"]
[Round "3.1"]
[White "Emms, John"]
[Black "Bates, Richard"]
[Result "1-0"]
[WhiteElo "2500"]
[BlackElo "2315"]
[PlyCount "111"]
[EventDate "1996.11.23"]
[Source "J.Saunders"]
[SourceDate "1998.06.06"]

1. e4 c5 2. Nf3 d6 3. d4 cxd4 4. Nxd4 Nf6 5. Nc3 a6 6. Bc4 e6 7. O-O Be7 8. a4
O-O 9. Be3 Nc6 10. Kh1 Qc7 11. Qe2 Ne5 12. Bb3 Neg4 13. f4 Nxe3 14. Qxe3 Qc5
15. Rae1 Ng4 16. Qd2 Bh4 17. Re2 Bg3 18. h3 e5 19. fxe5 Bxe5 20. Nf3 Bxc3 21.
Qxc3 Qxc3 22. bxc3 Nf6 23. Rd1 Re8 24. Rxd6 Bf5 25. Nd2 Re7 26. e5 h5 27. Kh2
Rae8 28. Rb6 Rxe5 29. Rxe5 Rxe5 30. Rxb7 Bd7 31. Nf3 Rc5 32. Rb8+ Kh7 33. Bxf7
Bxa4 34. h4 Bxc2 35. Ng5+ Kh6 36. Rh8+ Bh7 37. Nxh7 Nxh7 38. Bg8 Rc8 39. Rxh7+
Kg6 40. Rh8 Kf6 41. Rxh5 Rxg8 42. Ra5 Rc8 43. Rxa6+ Kf5 44. Ra3 Rc4 45. Kh3 g6
46. Rb3 Rc5 47. g3 Rc6 48. Ra3 Rc7 49. Kg2 Ke4 50. Ra4+ Ke5 51. Rg4 Rc6 52. c4
Rf6 53. Kh3 Rc6 54. Rf4 Rc5 55. Kg4 Ke6 56. Kf3 1-0

[Event "NCL967 Wood Green-Richmond"]
[Site "Rd3"]
[Date "1996.11.23"]
[Round "3.2"]
[White "Williams, Simon"]
[Black "Pein, Malcolm"]
[Result "1-0"]
[WhiteElo "2350"]
[BlackElo "2425"]
[PlyCount "39"]
[EventDate "1996.11.23"]
[Source "J.Saunders"]
[SourceDate "1998.06.06"]

1. c4 e6 2. Nc3 d5 3. d4 Nf6 4. cxd5 exd5 5. Bg5 c6 6. e3 Be7 7. Bd3 Nbd7 8.
Qc2 O-O 9. Nge2 Re8 10. O-O Nf8 11. f3 Be6 12. Rad1 Qd7 $5 $146 13. Nf4 Ng6 $2
(13... Ng4 14. Bxe7 Nxe3 15. Qc1 Nxd1 16. Bxf8 Nxc3 17. Bxg7 $1 Kxg7 18. Nh5+
Kh8 19. Nf6 $1 {Qh6+-}) 14. Nxe6 Qxe6 15. Bf5 Qd6 16. e4 Qd8 (16... dxe4 {
is the continuation quoted in the press:} 17. fxe4 Qd8 18. Bxf6 Bxf6 19. e5 Be7
20. e6 Rf8 $2 21. exf7+ {1-0 Williams,S-Pein,M/4*NCL 1996}) 17. Bxf6 Bxf6 18.
e5 Be7 19. e6 Rf8 20. exf7+ 1-0

[Event "NCL967 Wood Green-Richmond"]
[Site "Rd3"]
[Date "1996.11.23"]
[Round "3.3"]
[White "Littlewood, Paul"]
[Black "McShane, Luke"]
[Result "0-1"]
[WhiteElo "2440"]
[BlackElo "2385"]
[PlyCount "78"]
[EventDate "1996.11.23"]
[Source "J.Saunders"]
[SourceDate "1998.06.06"]

1. d4 Nf6 2. c4 g6 3. Nc3 Bg7 4. e4 d6 5. Nf3 O-O 6. Be2 e5 7. O-O Nc6 8. d5
Ne7 9. b4 Nh5 10. c5 Nf4 11. Bxf4 exf4 12. Rc1 h6 13. Nd2 f5 14. cxd6 cxd6 15.
Nb5 fxe4 16. Nxe4 Nf5 17. Bg4 Be5 18. Nc7 Rb8 19. Ne6 Bxe6 20. dxe6 Qe7 21. Qd5
h5 22. Bd1 Nd4 23. Re1 Rf5 24. Nd2 f3 25. g3 Bxg3 26. Qxd4 Be5 27. Rxe5 Qg5+
28. Kf1 Qg2+ 29. Ke1 Rxe5+ 30. Ne4 Qg4 31. Qxe5 Qg1+ 32. Kd2 dxe5 33. Rc7 Kh8
34. Bxf3 Re8 35. e7 Qxh2 36. Rxb7 Qh4 37. Rxa7 Rxe7 38. Rxe7 Qxe7 39. Nc5 Qf7
0-1

[Event "NCL967 Wood Green-Richmond"]
[Site "Rd3"]
[Date "1996.11.23"]
[Round "3.4"]
[White "Wall, Gavin"]
[Black "Law, Andrew"]
[Result "1/2-1/2"]
[WhiteElo "2305"]
[BlackElo "2370"]
[PlyCount "49"]
[EventDate "1996.11.23"]
[Source "J.Saunders"]
[SourceDate "1998.06.06"]

1. e4 e5 2. Nf3 Nc6 3. Nc3 Nf6 4. d4 exd4 5. Nxd4 Bb4 6. Nxc6 bxc6 7. Bd3 d5 8.
exd5 Qe7+ 9. Qe2 cxd5 10. Bb5+ Bd7 11. Bxd7+ Nxd7 12. Qxe7+ Kxe7 13. Bd2 Nb6
14. O-O-O Rhd8 15. Rhe1+ Kf8 16. Ne4 Bxd2+ 17. Nxd2 Re8 18. b3 Rxe1 19. Rxe1
Re8 20. Rxe8+ Kxe8 21. Nf3 f6 22. Nd4 Kd7 23. Kd2 c5 24. Ne2 Kd6 25. Ng3
1/2-1/2

[Event "NCL967 Wood Green-Richmond"]
[Site "Rd3"]
[Date "1996.11.23"]
[Round "3.5"]
[White "Sowray, Peter"]
[Black "Johnstone, Paul E"]
[Result "1-0"]
[WhiteElo "2350"]
[BlackElo "2295"]
[PlyCount "57"]
[EventDate "1996.11.23"]
[Source "J.Saunders"]
[SourceDate "1998.06.06"]

1. e4 c5 2. c3 Nf6 3. e5 Nd5 4. d4 cxd4 5. Qxd4 e6 6. Nf3 Nc6 7. Qe4 f5 8. Qe2
Be7 9. g3 O-O 10. Bg2 b6 11. O-O Bb7 12. c4 Nc7 13. Nc3 h6 14. b3 Qe8 15. Bb2
Rd8 16. a3 a6 17. b4 Qh5 18. Qe3 Na8 19. Nd2 Rb8 20. Rad1 a5 21. b5 Nd8 22. Nf3
f4 23. Qe2 fxg3 24. fxg3 d6 25. g4 Bxf3 26. Rxf3 Qg6 27. exd6 Bf6 28. h3 Kh8
29. Ne4 1-0

[Event "NCL967 Wood Green-Richmond"]
[Site "Rd3"]
[Date "1996.11.23"]
[Round "3.6"]
[White "Conlon, Joseph P"]
[Black "Galloway, Iain"]
[Result "0-1"]
[WhiteElo "2125"]
[BlackElo "2135"]
[PlyCount "95"]
[EventDate "1996.11.23"]
[Source "J.Saunders"]
[SourceDate "1998.06.06"]

1. e4 c5 2. Nf3 d6 3. d4 cxd4 4. Nxd4 Nf6 5. Nc3 g6 6. Be2 Bg7 7. O-O O-O 8.
Be3 Nc6 9. f3 d5 10. Nxc6 bxc6 11. e5 Nd7 12. f4 Qa5 13. a3 Ba6 14. b4 Bxe2 15.
Qxe2 Qc7 16. Na4 Nb6 17. Nxb6 axb6 18. Qf2 Ra6 19. c3 Rfa8 20. f5 Rxa3 21. Rxa3
Rxa3 22. f6 exf6 23. exf6 Bf8 24. Bxb6 Qb7 25. Bc5 Rxc3 26. Bxf8 Kxf8 27. Qf4
Rc4 28. Qh6+ Ke8 29. Qxh7 Qxb4 30. Qh8+ Qf8 31. Qh3 Kd8 32. Kh1 Qc5 33. Qh8+
Kc7 34. Qe8 Rc1 35. Qe5+ Kc8 36. Qe8+ Kc7 37. Re1 Rxe1+ 38. Qxe1 Kb8 39. Qd2
Qf8 40. Qe3 Qd8 41. Qg3+ Qc7 42. Qe3 c5 43. Qa3 d4 44. Kg1 Qd6 45. Qa4 Qd5 46.
Qb5+ Kc7 47. Qa5+ Kc6 48. Qa4+ 0-1